000 00836nam a22002897a 4500
001 BR8702505
003 BR-BrBNA
005 20230928092509.0
007 ta
008 230509b bl.||||| |||| 00| 0 por d
040 _aBR-BrBNA
_bpor
_cBiblioteca Nacional de Agricultura
041 _a(Por)
072 _aF70
_b3200
090 _ 3200 BR8702505
100 1 _aVida, W.N.
100 1 _aVidal, M.R.R.
100 1 _aAlmeida, E.C.
110 1 _aUniversidade Federal de Vicosa, MG (Brasil)
245 1 _aEstudos dirigidos. Familias de angiospermas
260 3 _aVicosa, MG (Brasil):
_c1981.
300 _a56 p.
500 _a(*) Documento disponível no(a) Universidade Federal de Vicosa, MG (Brazil)
650 _aARVORE ANGIOSPERMA
650 _aTAXONOMIA VEGETAL
909 _a202309
_bLucia
_c55
_dLucia Elande
942 _cBK
999 _c39420
_d39420